Gesture controlled drone / (Record no. 615920)

000 -LEADER
fixed length control field 00687nam a22001817a 4500
003 - CONTROL NUMBER IDENTIFIER
control field NUST
005 - DATE AND TIME OF LATEST TRANSACTION
control field 20260126132827.0
082 ## - DEWEY DECIMAL CLASSIFICATION NUMBER
Classification number 621.382,GUL
100 ## - MAIN ENTRY--PERSONAL NAME
Personal name Gulzar, Wasif
9 (RLIN) 132896
245 ## - TITLE STATEMENT
Title Gesture controlled drone /
Statement of responsibility, etc. Wasif Gulzar, Usman Anis Khan, Nouman Siddique and Baasim Mustafa (BETE-53)
260 ## - PUBLICATION, DISTRIBUTION, ETC.
Place of publication, distribution, etc. Rawalpindi
Name of publisher, distributor, etc. MCS (NUST)
Date of publication, distribution, etc. July, 2020
300 ## - PHYSICAL DESCRIPTION
Extent xii, 19 p.;
505 ## - FORMATTED CONTENTS NOTE
Formatted contents note Introduction (Page-1), Literature Review (Page-5), Detailed Design (Page-70), Recommendations and Future Work (Page-12), References (Page-13).
650 ## - SUBJECT ADDED ENTRY--TOPICAL TERM
Topical term or geographic name entry element UG Project
9 (RLIN) 131132
651 ## - SUBJECT ADDED ENTRY--GEOGRAPHIC NAME
Geographic name BETE-53
9 (RLIN) 132872
700 ## - ADDED ENTRY--PERSONAL NAME
Personal name Supervised by Asst Prof. Dr. Mir Yasir Umair
9 (RLIN) 132897
942 ## - ADDED ENTRY ELEMENTS (KOHA)
Source of classification or shelving scheme
Koha item type Project Report
Holdings
Withdrawn status Lost status Source of classification or shelving scheme Damaged status Not for loan Permanent Location Current Location Shelving location Date acquired Total Checkouts Full call number Barcode Date last seen Price effective from Koha item type Public note
          Military College of Signals (MCS) Military College of Signals (MCS) Reference 01/26/2026   621.382,GUL MCSPTE-296 01/26/2026 01/26/2026 Project Report Almirah No.90, Shelf No.4
© 2023 Central Library, National University of Sciences and Technology. All Rights Reserved.